| 000 | 00777aam a2200265 4500 | ||
|---|---|---|---|
| 005 | 20161208135200.0 | ||
| 008 | 150427b xxu||||| |||| 00| 0 spa d | ||
| 041 | _aEspañol | ||
| 082 | _a621.381 5 C732d | ||
| 100 |
_aComer, David _934761 |
||
| 100 |
_aComer, Donald _934762 |
||
| 245 | _aDiseño de circuitos eléctricos | ||
| 260 |
_aMéxico _bLimusa _c2005 |
||
| 300 | _a508 páginas | ||
| 650 |
_aELECTRÓNICA _91815 |
||
| 650 |
_aCIRCUITOS ELECTRÓNICOS _91814 |
||
| 650 |
_aAMPLIFICADORES OPERACIONALES _91831 |
||
| 650 |
_aDIODO SEMICONDUCTOR _934763 |
||
| 650 |
_aMOSFET _91936 |
||
| 650 |
_aBJT _934764 |
||
| 650 |
_aCIRCUITOS INTEGRADOS _94619 |
||
| 650 |
_aAMPLIFICADORES CON RETROALIMENTACIÓN _934765 |
||
| 650 |
_aCIRCUITOS LÓGICOS _934766 |
||
| 942 | _cBK | ||
| 999 |
_c5048 _d5048 |
||